000 00968nam a22003257a 4500
001 BR9603571
003 BR-BrBNA
005 20230928095242.0
007 ta
008 230509b bl.||||| |||| 00| 0 por d
040 _aBR-BrBNA
_bpor
_cBiblioteca Nacional de Agricultura
041 _a(Por)
072 _aF01
_b1910
090 _ 1910 BR9603571
100 1 _aRezende, A.V. de
110 1 _aUniversidade Federal de Lavras, MG (Brasil)
_0Tese (Mestre em Zootecnia)
245 1 _aMelhoramento de pastagens nativas por meio de introducao de gramineas exoticas
260 3 _aLavras, MG (Brasil):
_c1995.
300 _a93 p.
500 _aSummaries (Eng, Por); Bibliography p. 73-83
650 _aPastagem Natural
650 _aIntroducao de Planta
650 _aCapim Brachiaria
650 _aCapim Andropogon
650 _aSistema de Cultivo
650 _aPlantio
650 _aMinas Gerais
909 _a202309
_bLucia
_c55
_dLucia Elande
942 _cBK
999 _c55436
_d55436